[Event "29. Erfurter Schachfestival 2019 - Haup"]
[Site "Erfurt"]
[Date "2019.12.28"]
[Round "4.8"]
[White "Zimmermann, Felix"]
[Black "Wachsmann, Elmar"]
[Result "1-0"]
[WhiteElo "1905"]
[BlackElo "1784"]
[PlyCount "93"]
[EventDate "2019.12.26"]

1. d4 d5 2. Nf3 Nf6 3. g3 e6 4. Bg2 c5 5. O-O Nc6 6. c4 cxd4 7. Nxd4 Bc5 8.
Nxc6 bxc6 9. Bg5 h6 10. Bxf6 Qxf6 11. cxd5 exd5 12. Nc3 O-O 13. e3 Re8 14. Nxd5
cxd5 15. Qxd5 Ba6 16. Qxc5 Rac8 17. Qd4 Qxd4 18. exd4 Bxf1 19. Bxf1 Rc2 20. d5
Rd2 21. Bc4 a5 22. a4 Re4 23. b3 g5 24. h3 Kf8 25. Kg2 Ke7 26. Rc1 Re5 27. Rc3
f5 28. g4 fxg4 29. hxg4 Re4 30. Kg3 Rdd4 31. f3 Re5 32. Rc2 Kf6 33. Rh2 Kg6 34.
Rc2 Rd1 35. Kg2 Ree1 36. Kf2 Rh1 37. Ke3 Rhe1+ 38. Kf2 Kf6 39. Re2 Rf1+ 40. Ke3
Rfe1 41. Rxe1 Rxe1+ 42. Kd4 Re8 43. d6 Re1 44. Kd5 Rd1+ 45. Kc6 Ke5 46. d7 Kf4
47. Bd5 1-0

[Event "29. Erfurter Schachfestival 2019 - Haup"]
[Site "Erfurt"]
[Date "2019.12.28"]
[Round "4.9"]
[White "Hagenbeck-Hübert, Lara"]
[Black "Budde, Michael"]
[Result "1/2-1/2"]
[WhiteElo "1802"]
[BlackElo "1900"]
[Annotator "Ruether,Rudolf"]
[PlyCount "136"]
[EventDate "2019.12.26"]

1. d4 Nf6 2. Bf4 d5 3. Nf3 c5 4. c3 Qb6 5. Qb3 c4 6. Qxb6 axb6 7. Nbd2 b5 8. e3
Nc6 9. Be2 b4 10. O-O bxc3 11. bxc3 e6 12. a4 Nh5 13. Bc7 Be7 14. Rfb1 O-O 15.
Ne5 Nf6 16. Bf3 Nxe5 17. Bxe5 Nd7 18. Bg3 f5 19. Bc7 Bd8 20. Bxd8 Rxd8 21. h3
Nf6 22. Be2 {(=)} Rd6 23. f3 Rda6 24. Bd1 Nd7 25. e4 Ra5 26. Rb4 b5 27. e5 Nf8
28. Kf2 Bd7 29. Ke3 g5 30. g3 bxa4 31. Ra3 Kf7 32. f4 gxf4+ 33. gxf4 Kg6 34. h4
Be8 35. Nf3 h6 36. Ne1 R5a7 37. Rb2 Kh7 38. h5 Rg7 39. Kf2 Bc6 40. Nc2 Kh8 41.
Nb4 Be8 42. Rba2 Nh7 43. Bf3 Bb5 44. Ra1 Rag8 45. R3a2 Be8 46. Rh1 Nf8 47. Raa1
Rg3 48. Rag1 Rxg1 49. Rxg1 Rxg1 50. Kxg1 a3 51. Bd1 Nd7 52. Kf2 Nb6 53. Ke3 Ba4
54. Bxa4 Nxa4 55. Na2 Nb2 56. Kd2 Kg7 57. Nb4 Nd3 58. Nc2 Nxf4 59. Nxa3 Nxh5
60. Ke3 Kg6 61. Nc2 Kg5 62. Kf3 Nf4 63. Ne3 Nd3 64. Ng2 h5 65. Kg3 Nc1 66. Nf4
h4+ 67. Kf3 Na2 68. Nxe6+ Kh6 1/2-1/2

[Event "29. Erfurter Schachfestival 2019 - Haup"]
[Site "Erfurt"]
[Date "2019.12.28"]
[Round "4.10"]
[White "Drezewski, Alexander"]
[Black "Weber, Günter"]
[Result "1/2-1/2"]
[WhiteElo "1875"]
[BlackElo "1776"]
[PlyCount "42"]
[EventDate "2019.12.26"]

1. d4 d5 2. c4 c6 3. Nc3 Nf6 4. Nf3 e6 5. Bg5 Be7 6. e3 Nbd7 7. Bd3 dxc4 8.
Bxc4 Nd5 9. Bxe7 Qxe7 10. Rc1 O-O 11. O-O Nxc3 12. Rxc3 e5 13. dxe5 Nxe5 14.
Nxe5 Qxe5 15. Qb3 Rb8 16. a3 b6 17. Bd3 c5 18. Qc4 Bb7 19. Qh4 g6 20. Qg3 Qxg3
21. hxg3 Rfd8 1/2-1/2

[Event "29. Erfurter Schachfestival 2019 - Haup"]
[Site "Erfurt"]
[Date "2019.12.28"]
[Round "5.1"]
[White "Heinrich, John"]
[Black "Heß, Jürgen"]
[Result "1/2-1/2"]
[WhiteElo "1742"]
[BlackElo "1889"]
[PlyCount "32"]
[EventDate "2019.12.26"]

1. e4 e5 2. Nf3 Nc6 3. Bb5 a6 4. Ba4 Nf6 5. O-O b5 6. Bb3 Be7 7. Re1 d6 8. c3
O-O 9. d4 Bg4 10. Be3 Na5 11. dxe5 Bxf3 12. Qxf3 dxe5 13. Nd2 c5 14. Qg3 Nxb3
15. axb3 Nd7 16. Nf3 Bf6 1/2-1/2

[Event "29. Erfurter Schachfestival 2019 - Haup"]
[Site "Erfurt"]
[Date "2019.12.28"]
[Round "5.2"]
[White "Siebarth, Marco"]
[Black "Kraus, Sebastian"]
[Result "0-1"]
[WhiteElo "2020"]
[BlackElo "1819"]
[PlyCount "64"]
[EventDate "2019.12.26"]

1. e4 e5 2. Nf3 Nc6 3. Bb5 a6 4. Bxc6 dxc6 5. O-O Qf6 6. d4 exd4 7. Bg5 Qd6 8.
Qxd4 f6 9. Bh4 Qxd4 10. Nxd4 Bd7 11. f3 Ne7 12. Bg3 O-O-O 13. Nb3 Ng6 14. Rd1
h5 15. Bf2 b6 16. N1d2 h4 17. h3 Bd6 18. Nc4 Bf4 19. Nd4 Ne5 20. Nxe5 Bxe5 21.
c3 c5 22. Ne2 Bb5 23. Kf1 f5 24. Rxd8+ Rxd8 25. Ke1 fxe4 26. fxe4 Bf6 27. Be3
Re8 28. Kf2 Rxe4 29. Ng1 Be5 30. Bg5 Bg3+ 31. Kf3 Bc6 32. Be3 Re8+ 0-1

[Event "29. Erfurter Schachfestival 2019 - Haup"]
[Site "Erfurt"]
[Date "2019.12.28"]
[Round "5.3"]
[White "Eickelkamp, Jan-Hendrik"]
[Black "Haugk, Franko"]
[Result "1-0"]
[WhiteElo "1853"]
[BlackElo "1917"]
[PlyCount "105"]
[EventDate "2019.12.26"]

1. e4 c6 2. d4 d5 3. Nc3 g6 4. e5 Bg7 5. f4 h5 6. Nf3 Bg4 7. Be2 Bxf3 8. Bxf3
Nh6 9. Be3 e6 10. Bf2 Nd7 11. Qe2 Qe7 12. g3 a6 13. h3 Qb4 14. Qd2 O-O-O 15.
O-O-O Kb8 16. g4 hxg4 17. hxg4 Nb6 18. a3 Qa5 19. Qd3 Nc4 20. Nb1 Qb6 21. b3
Na5 22. Be1 Qc7 23. Bb4 b5 24. Bd6 Rxd6 25. exd6 Qxd6 26. Qd2 Nb7 27. Rh4 f6
28. Rdh1 Nf7 29. Rxh8+ Bxh8 30. Qh2 f5 31. c3 c5 32. dxc5 Qxc5 33. Kc2 a5 34.
Qg1 Qc7 35. gxf5 exf5 36. Bxd5 Bxc3 37. Nxc3 b4 38. axb4 axb4 39. Bc4 bxc3 40.
Qd4 Nfd6 41. Rh8+ Nd8 42. Qxc3 Qb6 43. Qe5 Qf2+ 44. Kb1 Qg1+ 45. Kb2 Qf2+ 46.
Kc3 Qb6 47. Rg8 Ka7 48. Qe7+ N8b7 49. Rg7 Ne4+ 50. Kd3 Nec5+ 51. Ke2 Qa5 52.
Qe3 Qa1 53. Qxc5+ 1-0

[Event "29. Erfurter Schachfestival 2019 - Haup"]
[Site "Erfurt"]
[Date "2019.12.28"]
[Round "5.4"]
[White "Gremmer, Dieter"]
[Black "Zimmermann, Felix"]
[Result "0-1"]
[WhiteElo "1686"]
[BlackElo "1905"]
[PlyCount "72"]
[EventDate "2019.12.26"]

1. e4 c6 2. Nf3 d5 3. exd5 cxd5 4. d4 Nc6 5. c3 Bg4 6. Be2 e6 7. Nbd2 Nf6 8.
Nb3 Bd6 9. Bd2 O-O 10. Bg5 Qc7 11. Bxf6 gxf6 12. h3 Bf5 13. Bd3 Bxd3 14. Qxd3
Kh8 15. Nh4 Rg8 16. Qf3 f5 17. g4 f4 18. Ng2 Rae8 19. O-O Rg5 20. Qd3 Reg8 21.
f3 h5 22. Kf2 e5 23. dxe5 Qb6+ 24. Ke2 Rxe5+ 25. Kd2 Bc5 26. Rae1 Rge8 27. Rxe5
Nxe5 28. Qf5 Qa6 29. Re1 Nxf3+ 30. Kd1 Nxe1 31. Qxh5+ Kg8 32. Nxf4 Nd3 33. Qg5+
Kf8 34. Nxd5 Nf2+ 35. Kc2 Qd3+ 36. Kc1 Re1# 0-1

[Event "29. Erfurter Schachfestival 2019 - Haup"]
[Site "Erfurt"]
[Date "2019.12.28"]
[Round "5.5"]
[White "Hoyer, Olaf"]
[Black "Von Otte, Wilhelm"]
[Result "0-1"]
[WhiteElo "1832"]
[BlackElo "2119"]
[PlyCount "90"]
[EventDate "2019.12.26"]

1. d4 d5 2. Nf3 b6 3. b3 g6 4. Bb2 Bg7 5. e3 e6 6. Bd3 Ne7 7. Nbd2 c5 8. O-O
Nbc6 9. a3 Qc7 10. Rc1 O-O 11. c4 Ba6 12. Qe2 Rad8 13. b4 cxb4 14. cxd5 Bxd3
15. Qxd3 Nxd5 16. Qb5 Rc8 17. axb4 Qb7 18. Ba3 Rfd8 19. Qa4 b5 20. Qb3 a5 21.
bxa5 Nxa5 22. Qb1 Nc3 23. Qd3 b4 24. Bb2 Na4 25. Rb1 Nc5 26. Qe2 Ncb3 27. Qd1
Nxd2 28. Nxd2 e5 29. dxe5 Nc4 30. Bd4 Nxe5 31. Qb3 Nc6 32. Bxg7 Kxg7 33. Nc4
Rd5 34. e4 Rd4 35. Rfd1 Rcd8 36. Rxd4 Rxd4 37. Rd1 Qd7 38. Ne3 Rxd1+ 39. Qxd1
Qxd1+ 40. Nxd1 Kf6 41. f3 Ke5 42. Kf2 Kd4 43. Ke2 b3 44. Kd2 Ne5 45. Nc3 Nc4+
0-1

[Event "29. Erfurter Schachfestival 2019 - Haup"]
[Site "Erfurt"]
[Date "2019.12.28"]
[Round "5.6"]
[White "Angermaier, Georg"]
[Black "Alvermann, Christian"]
[Result "1-0"]
[WhiteElo "1952"]
[BlackElo "1841"]
[PlyCount "71"]
[EventDate "2019.12.26"]

1. e4 c5 2. Nf3 e6 3. d4 cxd4 4. Nxd4 Nf6 5. Bd3 a6 6. c3 d6 7. Bg5 Be7 8. Nd2
Nbd7 9. f4 Qc7 10. O-O h6 11. Bh4 b6 12. Qe2 Bb7 13. Rae1 g5 14. fxg5 hxg5 15.
Bxg5 Qc5 16. Be3 Qe5 17. Bf4 Qc5 18. N2b3 Qc7 19. Bg3 Ne5 20. Bxe5 dxe5 21. Nc2
b5 22. Rf3 O-O-O 23. Ref1 Rh6 24. c4 bxc4 25. Bxc4 Kb8 26. Nd2 Bc5+ 27. Kh1
Rdh8 28. h3 Nh5 29. Bxa6 f6 30. Qb5 Bb6 31. Bxb7 Kxb7 32. Nc4 Nf4 33. Nb4 Ra8
34. Rd1 Rh7 35. Nd6+ Kb8 36. Nc6+ 1-0

[Event "29. Erfurter Schachfestival 2019 - Haup"]
[Site "Erfurt"]
[Date "2019.12.28"]
[Round "5.7"]
[White "Reuter, Hans-Otto"]
[Black "Mao, Yvonne"]
[Result "1-0"]
[WhiteElo "1935"]
[BlackElo "1807"]
[PlyCount "113"]
[EventDate "2019.12.26"]

1. Nf3 g6 2. g3 Bg7 3. Bg2 d6 4. c4 Nf6 5. d3 O-O 6. Nc3 Nbd7 7. O-O a5 8. e4
e5 9. h3 Nc5 10. Be3 Ne8 11. d4 Nd7 12. dxe5 Nxe5 13. Nxe5 Bxe5 14. f4 Bg7 15.
c5 Be6 16. Qc2 f5 17. cxd6 cxd6 18. exf5 Bxf5 19. Qb3+ Kh8 20. Rad1 Qd7 21. Kh2
Be6 22. Nd5 Nf6 23. Nxf6 Bxf6 24. Qxb7 Qxb7 25. Bxb7 Rab8 26. Bg2 Rxb2 27. Rxd6
Bxa2 28. Rxf6 Rxf6 29. Bd4 Rbb6 30. Ra1 Bc4 31. Rxa5 Kg8 32. Rc5 Bb3 33. Rc8+
Kf7 34. Rc7+ Kg8 35. Rc3 Ba2 36. Rc2 Bf7 37. g4 Rfe6 38. Rc8+ Be8 39. Bxb6 Rxb6
40. Rxe8+ Kf7 41. Re3 Rb4 42. Kg3 h6 43. h4 Kf6 44. Bd5 Rb6 45. Rc3 Kg7 46. Bf3
Ra6 47. Rc7+ Kf8 48. Rc6 Ra3 49. Rxg6 h5 50. g5 Kf7 51. Rh6 Kg7 52. f5 Re3 53.
Rb6 Ra3 54. Rb7+ Kf8 55. f6 Rc3 56. g6 Kg8 57. Rb8+ 1-0

[Event "29. Erfurter Schachfestival 2019 - Haup"]
[Site "Erfurt"]
[Date "2019.12.28"]
[Round "5.8"]
[White "Fromm, Nick"]
[Black "Belova, Tatiana"]
[Result "0-1"]
[WhiteElo "1783"]
[BlackElo "1932"]
[Annotator "Ruether,Rudolf"]
[PlyCount "57"]
[EventDate "2019.12.26"]

1. e4 c5 2. Nf3 Nc6 3. d4 cxd4 4. Nxd4 d6 5. Nc3 Nf6 6. Be3 Ng4 7. Bg5 Qb6 8.
Bb5 Bd7 9. O-O Nge5 10. Be3 Qd8 11. h3 e6 12. f4 Nxd4 13. Bxd4 Nc6 14. f5 Qg5
15. fxe6 fxe6 16. Qf3 Qg6 17. Rad1 Be7 18. e5 Rf8 19. Qe3 Bg5 20. Rxf8+ Kxf8
21. Qf2+ Kg8 22. exd6 Rf8 23. Qe2 Qh6 24. Bxc6 Bxc6 25. Bxa7 Qg6 26. d7 Bh4 27.
Bb6 Bf3 28. Qd2 Bxd1 29. Nxd1 {Rest unleserlich} 0-1

[Event "29. Erfurter Schachfestival 2019 - Haup"]
[Site "Erfurt"]
[Date "2019.12.28"]
[Round "5.9"]
[White "Woost, Thomas"]
[Black "Weiland, Thomas"]
[Result "1/2-1/2"]
[WhiteElo "1905"]
[BlackElo "1804"]
[Annotator "Ruether,Rudolf"]
[PlyCount "32"]
[EventDate "2019.12.26"]

1. e4 e6 2. d4 d5 3. exd5 exd5 4. f4 Nf6 5. Nf3 Be7 6. Be2 c6 7. O-O O-O 8. Ne5
Nbd7 9. c4 dxc4 10. Bxc4 Nb6 11. Bb3 Nbd5 12. Nc3 Be6 13. Kh1 Qc8 {(=)} 14. Qf3
Nxc3 15. Bxe6 Qxe6 16. bxc3 Qd5 1/2-1/2

[Event "29. Erfurter Schachfestival 2019 - Haup"]
[Site "Erfurt"]
[Date "2019.12.28"]
[Round "5.10"]
[White "Budde, Michael"]
[Black "Hassler, Rolf"]
[Result "1-0"]
[WhiteElo "1900"]
[BlackElo "1783"]
[PlyCount "73"]
[EventDate "2019.12.26"]

1. d4 f5 2. c4 Nf6 3. Nc3 g6 4. f3 d6 5. e4 c6 6. Bd3 Bg7 7. Nge2 fxe4 8. fxe4
e5 9. Bg5 Bg4 10. Qb3 Qb6 11. O-O Nbd7 12. Qxb6 axb6 13. d5 h6 14. Be3 Nc5 15.
Bxc5 bxc5 16. h3 Bd7 17. Rfb1 Ke7 18. b4 b6 19. bxc5 bxc5 20. Rb7 cxd5 21. exd5
e4 22. Bc2 Kd8 23. Rab1 Re8 24. Nf4 Bh8 25. Nxg6 Bc8 26. Rf7 Nxd5 27. Nxd5 Bd4+
28. Kf1 Rxa2 29. Rb6 Ra1+ 30. Ke2 Ra6 31. Rxa6 Bxa6 32. Nb6 Re6 33. Nf4 Rf6 34.
Rxf6 Bxf6 35. Bxe4 Ke8 36. Nfd5 Bd8 37. Kf3 1-0

[Event "29. Erfurter Schachfestival 2019 - Haup"]
[Site "Erfurt"]
[Date "2019.12.29"]
[Round "6.1"]
[White "Kraus, Sebastian"]
[Black "Zimmermann, Felix"]
[Result "1/2-1/2"]
[WhiteElo "1819"]
[BlackElo "1905"]
[Annotator "Ruether,Rudolf"]
[PlyCount "103"]
[EventDate "2019.12.26"]

1. e4 c6 2. Nc3 d5 3. Nf3 dxe4 4. Nxe4 Bg4 5. Bc4 e6 6. h3 Bh5 7. Ng3 Bxf3 8.
Qxf3 Nf6 9. b3 Nbd7 10. Bb2 Be7 11. O-O O-O 12. Rfe1 b5 13. Bf1 Qb6 14. h4 Qc5
15. h5 Qd5 16. Qd1 Rab8 17. Be2 c5 18. Bf3 Qd6 19. d4 Rfe8 20. Qe2 cxd4 21.
Rad1 e5 22. Nf5 Qe6 23. Bg4 Nxg4 24. Qxg4 g6 25. hxg6 hxg6 26. Rxd4 Qxf5 27.
Qxf5 gxf5 28. Rxd7 Rbd8 29. Rxd8 Rxd8 30. Bxe5 Bc5 31. Bf4 f6 32. c3 Kf7 33.
Kf1 Rd3 34. Rc1 Ke6 35. Ke2 Rd8 36. c4 bxc4 37. Rxc4 Bb6 38. b4 Kd5 39. Rc1 Ke4
40. Bc7 Rc8 41. f3+ Kd5 42. Rd1+ Bd4 43. Bf4 Rc2+ 44. Rd2 Rxd2+ 45. Bxd2 Kc4
46. a4 Bc3 47. Be3 Bd4 48. b5 Bxe3 {(=)} 49. Kxe3 Kb4 50. Kd4 Kxa4 51. Kc5 Ka5
52. Kc6 1/2-1/2

[Event "29. Erfurter Schachfestival 2019 - Haup"]
[Site "Erfurt"]
[Date "2019.12.29"]
[Round "6.2"]
[White "Heß, Jürgen"]
[Black "Eickelkamp, Jan-Hendrik"]
[Result "1-0"]
[WhiteElo "1889"]
[BlackElo "1853"]
[Annotator "Ruether,Rudolf"]
[PlyCount "73"]
[EventDate "2019.12.26"]

1. e4 c5 2. Nf3 d6 3. d4 cxd4 4. Nxd4 Nf6 5. Nc3 a6 6. Be2 e5 7. Nf3 Be7 8. O-O
b5 9. Be3 Bb7 10. Nd5 Nxd5 11. exd5 f5 12. c4 f4 13. Bd2 Qb6 14. cxb5 axb5 15.
Qb3 e4 16. Qxb5+ Nd7 17. Qxb6 Nxb6 18. Bb5+ Kf7 19. Nd4 Bf6 20. Nf5 Be5 21. Bb4
Bxd5 22. Nxd6+ Ke6 23. Nxe4 Bxe4 24. Rae1 Kd5 25. Re2 Bd4 26. Rd1 Rhd8 27. a4
Nc8 28. Red2 Ke5 {(=)} 29. Rxd4 Rxd4 30. Bc3 Kf5 31. Rxd4 Bc2 32. a5 Na7 33.
Bd3+ Bxd3 34. Rxd3 Rc8 35. f3 g5 36. Rd7 Nb5 37. Rd5+ 1-0

[Event "29. Erfurter Schachfestival 2019 - Haup"]
[Site "Erfurt"]
[Date "2019.12.29"]
[Round "6.3"]
[White "Heinrich, John"]
[Black "Angermaier, Georg"]
[Result "1/2-1/2"]
[WhiteElo "1742"]
[BlackElo "1952"]
[PlyCount "35"]
[EventDate "2019.12.26"]

1. e4 e6 2. d4 d5 3. Nc3 Bb4 4. Nge2 dxe4 5. a3 Be7 6. Nxe4 Nf6 7. N2g3 Nc6 8.
c3 e5 9. Nxf6+ Bxf6 10. d5 Ne7 11. Bc4 O-O 12. O-O Nf5 13. Bd3 Nxg3 14. hxg3 g6
15. c4 b6 16. Rb1 Bb7 17. Be3 a5 18. Bc2 1/2-1/2

[Event "29. Erfurter Schachfestival 2019 - Haup"]
[Site "Erfurt"]
[Date "2019.12.29"]
[Round "6.4"]
[White "Drezewski, Alexander"]
[Black "Von Otte, Wilhelm"]
[Result "0-1"]
[WhiteElo "1875"]
[BlackElo "2119"]
[PlyCount "104"]
[EventDate "2019.12.26"]

1. d4 d5 2. Nf3 e6 3. g3 c5 4. Bg2 Nc6 5. O-O Nf6 6. Bg5 h6 7. Bxf6 Qxf6 8. c3
g5 9. e3 h5 10. h4 gxh4 11. Nxh4 cxd4 12. cxd4 Be7 13. Nd2 Qg7 14. Ndf3 Bd7 15.
Rc1 O-O-O 16. a3 Kb8 17. Qe2 Rc8 18. e4 Bxh4 19. Nxh4 Nxd4 20. Rxc8+ Rxc8 21.
Qe3 dxe4 22. Bxe4 Bc6 23. Rd1 Bxe4 24. Qxe4 Nc6 25. b4 Qe5 26. Qf3 Rd8 27.
Rxd8+ Nxd8 28. Qd3 Kc7 29. Nf3 Qd5 30. Qc3+ Kd6 31. Qf6 Kc6 32. Ne5+ Kb5 33.
Qf4 Ka4 34. b5+ Kxb5 35. Qb4+ Ka6 36. Nc4 Nc6 37. Qa4+ Na5 38. Ne3 Qb3 39. Qf4
f5 40. Qe5 Qb1+ 41. Kh2 Qe4 42. Qc5 h4 43. Nc2 hxg3+ 44. Kxg3 f4+ 45. Kg4 Nc6
46. Nb4+ Nxb4 47. axb4 b6 48. b5+ Ka5 49. Qc6 Qf5+ 50. Kf3 e5 51. Ke2 e4 52. f3
e3 0-1

[Event "29. Erfurter Schachfestival 2019 - Haup"]
[Site "Erfurt"]
[Date "2019.12.29"]
[Round "6.5"]
[White "Urban, Peter"]
[Black "Reuter, Hans-Otto"]
[Result "1-0"]
[WhiteElo "1852"]
[BlackElo "1935"]
[PlyCount "61"]
[EventDate "2019.12.26"]

1. c4 g6 2. Nc3 Bg7 3. d4 d6 4. e4 Nc6 5. Nf3 Bg4 6. Be3 e5 7. d5 Nce7 8. Be2
Nf6 9. O-O O-O 10. Ne1 Bxe2 11. Qxe2 c6 12. Nd3 cxd5 13. cxd5 a6 14. Rac1 Rc8
15. f3 Nd7 16. Rc2 f5 17. Rfc1 Nf6 18. b3 fxe4 19. fxe4 h5 20. h3 Rxc3 21. Rxc3
Nxe4 22. Rc7 Ng3 23. Qd2 h4 24. Nf2 Nef5 25. Bg5 Bf6 26. Bxf6 Qxf6 27. Ng4 Qd8
28. Nh6+ Nxh6 29. Qxh6 Qxc7 30. Qxf8+ Kxf8 31. Rxc7 1-0

[Event "29. Erfurter Schachfestival 2019 - Haup"]
[Site "Erfurt"]
[Date "2019.12.29"]
[Round "6.6"]
[White "Belova, Tatiana"]
[Black "Treiber, Marco"]
[Result "1-0"]
[WhiteElo "1932"]
[BlackElo "1851"]
[PlyCount "57"]
[EventDate "2019.12.26"]

1. e4 c6 2. d4 d5 3. Nc3 dxe4 4. Nxe4 Nd7 5. Nf3 Ngf6 6. Ng3 e6 7. Bd3 Be7 8.
Bd2 Qc7 9. c4 c5 10. Qc2 b6 11. O-O-O Bb7 12. d5 exd5 13. Nf5 Kf8 14. Nxe7 Kxe7
15. Rhe1+ Kf8 16. Kb1 Re8 17. Rxe8+ Kxe8 18. Re1+ Kd8 19. Ng5 Nf8 20. Bf4 Qxf4
21. Nxf7+ Kc7 22. g3 Qf3 23. Re7+ N8d7 24. Nxh8 Kd6 25. Rxg7 Qh1+ 26. Qc1 Qxc1+
27. Kxc1 Ke6 28. Nf7 Ne8 29. Nd8+ 1-0

[Event "29. Erfurter Schachfestival 2019 - Haup"]
[Site "Erfurt"]
[Date "2019.12.29"]
[Round "6.7"]
[White "Held, Maurice"]
[Black "Budde, Michael"]
[Result "1-0"]
[WhiteElo "1844"]
[BlackElo "1900"]
[PlyCount "93"]
[EventDate "2019.12.26"]

1. c4 Nf6 2. g3 e6 3. Bg2 d5 4. cxd5 exd5 5. d4 c6 6. Nf3 Bd6 7. Nc3 O-O 8. O-O
Bf5 9. Bg5 h6 10. Bxf6 Qxf6 11. Rc1 Nd7 12. Na4 Rfe8 13. a3 Qe6 14. Re1 Bh3 15.
b4 Rac8 16. Nc5 Nxc5 17. bxc5 Bc7 18. Qa4 Ra8 19. Bxh3 Qxh3 20. Rb1 Qc8 21. Rb2
Re6 22. Reb1 b6 23. Qc2 Qa6 24. e3 Rf6 25. Ne5 Bxe5 26. dxe5 Rg6 27. cxb6 axb6
28. Rxb6 Qxa3 29. Rxc6 Rxc6 30. Qxc6 Qa2 31. Rb2 Qa1+ 32. Kg2 Rd8 33. Qc7 Re8
34. Rb7 Qxe5 35. Qxf7+ Kh7 36. Rd7 Re6 37. Kh3 Qf6 38. Qxf6 Rxf6 39. Kg2 Rf5
40. f4 h5 41. h3 Kh6 42. g4 hxg4 43. hxg4 Rf8 44. Rxd5 Re8 45. Kf3 g6 46. Rd7
Rh8 47. g5+ 1-0

[Event "29. Erfurter Schachfestival 2019 - Haup"]
[Site "Erfurt"]
[Date "2019.12.29"]
[Round "6.8"]
[White "Hagenbeck-Hübert, Lara"]
[Black "Schönrock, Rüdiger"]
[Result "1/2-1/2"]
[WhiteElo "1802"]
[BlackElo "1971"]
[Annotator "Ruether,Rudolf"]
[PlyCount "50"]
[EventDate "2019.12.26"]

1. d4 d5 2. Bf4 Nf6 3. e3 Bf5 4. Bd3 Bxd3 5. Qxd3 c6 6. Nf3 e6 7. O-O Nbd7 8.
Nbd2 Be7 9. h3 O-O 10. c4 c5 11. Ne5 cxd4 12. Qxd4 Nxe5 13. Bxe5 dxc4 14. Nxc4
Qxd4 {(=)} 15. Bxd4 Rac8 16. Rac1 Nd5 17. a3 a6 18. Na5 b5 19. Nc6 Bd6 20. g3
f6 21. Rfd1 f5 22. Be5 Bxe5 23. Nxe5 g6 24. Kg2 Kg7 25. Nc6 Kf6 1/2-1/2

[Event "29. Erfurter Schachfestival 2019 - Haup"]
[Site "Erfurt"]
[Date "2019.12.29"]
[Round "6.9"]
[White "Kosovska, Olena"]
[Black "Siebarth, Marco"]
[Result "0-1"]
[WhiteElo "1876"]
[BlackElo "2020"]
[PlyCount "126"]
[EventDate "2019.12.26"]

1. e4 c5 2. Nc3 a6 3. a4 e6 4. f4 d5 5. Nf3 Be7 6. g3 Nc6 7. e5 Nh6 8. Bg2 Nf5
9. O-O h5 10. Ne2 d4 11. d3 Nb4 12. Re1 Nd5 13. Bh1 Nfe3 14. Bxe3 Nxe3 15. Qd2
Nf5 16. c3 Bd7 17. cxd4 cxd4 18. Rec1 Bc6 19. Rc4 Bd5 20. Rc2 Bb3 21. Rcc1 a5
22. Qe1 Qd7 23. Qf2 Rd8 24. Nd2 Bd5 25. Ne4 b6 26. Bf3 Bxe4 27. Bxe4 Bc5 28.
Qf3 Ke7 29. Bc6 Qc7 30. Rab1 Rc8 31. Bb5 Qb8 32. Kf2 Ne3 33. Ba6 Rc7 34. h3 Qa8
35. Bb5 Qxf3+ 36. Kxf3 Rcc8 37. Kf2 f6 38. exf6+ gxf6 39. Ng1 Rhg8 40. Nf3 Nf5
41. Rg1 Ne3 42. Rbe1 Kd6 43. Nd2 Bb4 44. Ne4+ Ke7 45. Rc1 f5 46. Ng5 Bd2 47.
Rc6 Rxc6 48. Bxc6 Rc8 49. Bf3 Rc2 50. Bxh5 Ng4+ 51. hxg4 Be3+ 52. Ke1 Bxg1 53.
gxf5 exf5 54. Nh3 Be3 55. Bd1 Rxb2 56. Ng5 Bf2+ 57. Kf1 Bxg3 58. Nf3 Bxf4 59.
Nxd4 Kf6 60. Ne2 Be3 61. Nc3 Bd4 62. Ne2 Ke5 63. Kg2 Rd2 0-1

[Event "29. Erfurter Schachfestival 2019 - Haup"]
[Site "Erfurt"]
[Date "2019.12.29"]
[Round "6.10"]
[White "Günther, Oliver"]
[Black "Schieferstein, Michael"]
[Result "0-1"]
[WhiteElo "1860"]
[BlackElo "1988"]
[PlyCount "96"]
[EventDate "2019.12.26"]

1. d4 Nf6 2. Nf3 c5 3. e3 e6 4. Bd3 Be7 5. b3 O-O 6. O-O b6 7. Bb2 Bb7 8. Nbd2
d6 9. Qe2 a6 10. c4 Nbd7 11. Rad1 Qc7 12. h3 Rac8 13. Nh2 cxd4 14. exd4 d5 15.
Rc1 Qf4 16. Ndf3 dxc4 17. bxc4 Rfe8 18. Qd2 Qxd2 19. Nxd2 Bd6 20. f4 Nh5 21. f5
Bf4 22. Rxf4 Nxf4 23. fxe6 Nxd3 24. exd7 Nxc1 25. dxe8=Q+ Rxe8 26. Bxc1 Re1+
27. Kf2 Rxc1 28. d5 Rc2 29. Ke3 Rxa2 30. Nhf3 Kf8 31. Kd4 Ke7 32. g4 Rc2 33.
Kd3 Rc1 34. Nd4 g6 35. h4 Rh1 36. N4f3 Rh3 37. Kd4 a5 38. c5 bxc5+ 39. Kxc5 Bc8
40. d6+ Kf8 41. Ne5 a4 42. d7 Bxd7 43. Nxd7+ Ke7 44. Nb6 a3 45. Nd5+ Kf8 46.
Nb4 Rxh4 47. g5 a2 48. Nxa2 Rh2 0-1

[Event "29. Erfurter Schachfestival 2019 - Haup"]
[Site "Erfurt"]
[Date "2019.12.29"]
[Round "7.1"]
[White "Kraus, Sebastian"]
[Black "Heß, Jürgen"]
[Result "1/2-1/2"]
[WhiteElo "1819"]
[BlackElo "1889"]
[Annotator "Ruether,Rudolf"]
[PlyCount "73"]
[EventDate "2019.12.26"]

1. e4 e5 2. Nf3 Nc6 3. Bc4 Nf6 4. d3 Bc5 5. c3 h6 6. Nbd2 d6 7. Bb3 Be6 8. Bxe6
fxe6 {(=)} 9. O-O Bb6 10. Nc4 Qe7 11. a4 Ng4 12. a5 Nxf2 13. Rxf2 Bxf2+ 14.
Kxf2 O-O 15. Kg1 d5 16. Ncd2 g5 17. a6 g4 18. axb7 Rab8 19. Ne1 Qc5+ 20. d4
Nxd4 21. Nd3 Ne2+ 22. Kh1 Qe3 23. Nc4 Qxe4 24. Ncxe5 Rf5 25. Nc6 Rh5 26. Bf4 g3
27. Bxg3 Nxg3+ 28. Kg1 Qe3+ 29. Nf2 Rf8 30. Ne7+ Kh7 31. Qd3+ Qxd3 32. Nxd3
Ne2+ 33. Kh1 Ng3+ 34. Kg1 Ne2+ 35. Kh1 Ng3+ 36. Kg1 Ne2+ 37. Kh1 1/2-1/2

[Event "29. Erfurter Schachfestival 2019 - Haup"]
[Site "Erfurt"]
[Date "2019.12.29"]
[Round "7.2"]
[White "Von Otte, Wilhelm"]
[Black "Urban, Peter"]
[Result "0-1"]
[WhiteElo "2119"]
[BlackElo "1852"]
[PlyCount "88"]
[EventDate "2019.12.26"]

1. e4 c5 2. c3 e6 3. d4 d5 4. e5 Nc6 5. Nf3 Nge7 6. a4 Bd7 7. Na3 cxd4 8. cxd4
Nf5 9. g4 Bb4+ 10. Bd2 Bxa3 11. Rxa3 Nfxd4 12. Nxd4 Nxd4 13. Bb4 Qb6 14. Bd6
Qxb2 15. Bd3 Nc6 16. Rb3 Qd4 17. Be2 Qxa4 18. Rxb7 Qxd1+ 19. Bxd1 a5 20. Rxd7
Kxd7 21. Ba4 Rab8 22. Kd2 Rb6 23. Rc1 Rc8 24. f4 f6 25. h4 Ke8 26. h5 Kf7 27.
Rc5 fxe5 28. fxe5 g6 29. Rc3 Kg7 30. Rf3 Rb2+ 31. Ke3 Nb4 32. Rf6 Rc3+ 33. Kd4
Rc4+ 34. Ke3 Re4+ 35. Kf3 Nd3 36. Rxe6 Ne1+ 37. Kg3 Rg2+ 38. Kh3 Rxa4 39. h6+
Kxh6 40. Bf8+ Kg5 41. Be7+ Kf4 42. Rf6+ Kxe5 43. Rf1 Re2 44. Kh4 h6 0-1

[Event "29. Erfurter Schachfestival 2019 - Haup"]
[Site "Erfurt"]
[Date "2019.12.29"]
[Round "7.3"]
[White "Held, Maurice"]
[Black "Belova, Tatiana"]
[Result "0-1"]
[WhiteElo "1844"]
[BlackElo "1932"]
[Annotator "Ruether,Rudolf"]
[PlyCount "47"]
[EventDate "2019.12.26"]

1. c4 c5 2. g3 Nc6 3. Bg2 e5 4. Nc3 d6 5. e4 Nf6 6. Nge2 Bg4 7. h3 Be6 8. d3
Qd7 9. a3 Be7 10. Be3 O-O 11. Nd5 Bd8 12. Rb1 h6 13. b4 b6 14. b5 Nd4 15. a4
Nh7 16. Bxd4 cxd4 17. f4 Rc8 18. Nb4 f5 19. exf5 Bxf5 20. g4 Bh4+ 21. Kd2 Be6
22. f5 Bg5+ 23. Kc2 Bf7 24. Kb2 {Rest unleserlich} 0-1

[Event "29. Erfurter Schachfestival 2019 - Haup"]
[Site "Erfurt"]
[Date "2019.12.29"]
[Round "7.4"]
[White "Zimmermann, Felix"]
[Black "Heinrich, John"]
[Result "1/2-1/2"]
[WhiteElo "1905"]
[BlackElo "1742"]
[PlyCount "48"]
[EventDate "2019.12.26"]

1. d4 Nf6 2. Nf3 d5 3. g3 e6 4. Bg2 Be7 5. O-O O-O 6. Bg5 Nbd7 7. e3 b6 8. c4
Ba6 9. Nfd2 c5 10. Qa4 Bb7 11. Nc3 cxd4 12. exd4 h6 13. Bf4 a6 14. cxd5 b5 15.
Qb3 b4 16. d6 Bxg2 17. Kxg2 bxc3 18. dxe7 Qxe7 19. bxc3 Nd5 20. c4 Nxf4+ 21.
gxf4 Qd6 22. Qe3 Nf6 23. Nf3 Rfd8 24. Rfd1 Rab8 1/2-1/2